000 006000000a22001810004500
003 MACL
005 20160525115921.0
008 160525b xxu||||| |||| 00| 0 eng d
040 _aMACL
_cMACL
041 _aHindi
082 _a891.433 DEV
100 _aदेवी, आशापूर्णा
_959316
245 _aचाबीबन्‍द सन्‍दूक
_cआशापूर्णा देवी
260 _bसाहित्‍य संस्‍थान
_c2005
_aनई दिल्‍ली
350 _a150
650 _aNovel
_959317
942 _cHIN
_k891.433/DEV/N
_2ddc
999 _c17736
_d17736